| 000 -ლიდერი |
| ფიქსირებული სიგრძის საკონტროლო ველი |
01106nam a22002177a 4500 |
| 003 - საკონტროლო ნომრის იდენტიფიკატორი |
| საკონტროლო ველი |
Ge_BSU |
| 005 - ბოლო ოპერაციის თარიღი და დრო |
| საკონტროლო ველი |
20230724122308.0 |
| 008 - ფიქსირებული სიგრძის მონაცემთა ელემენტები - ზოგადი ინფორმაცია |
| ფიქსირებული სიგრძის საკონტროლო ველი |
230724b xxu||||| |||| 00| 0 geo d |
| 020 ## - წიგნის საერთაშორისო სტანდარტული ნომერი |
| International Standard Book Number |
9789941836527 |
| 041 ## - ენის კოდი |
| Language code of text/sound track or separate title |
geo |
| 080 ## - უნივერსალური ათობითი კლასიფიკაციის ინდექსი |
| Universal Decimal Classification number |
821.112.2.03=353.1ბ-32 |
| 100 ## - მთავარი ჩანაწერი - პიროვნების სახელი |
| Personal name |
ბარბაქაძე, დათო, მთარგმნელი. |
| 9 (RLIN) |
19503 |
| 245 ## - ცნობა სათაურის შესახებ |
| Title |
თარგმანები, 2018-2021 / |
| Statement of responsibility, etc |
დათო ბარბაქაძე. |
| 264 ## - წარმოების, გამოცემის, დისტრიბუციის და სხვა ცნობები |
| გამოცემის, წარმოების, დისტრიბუციის... ადგილი |
თბილისი : |
| გამოცემის, წარმოების, დისტრიბუციის... სახელწოდება |
მერწყული, |
| გამოცემის, წარმოების, დისტრიბუციის... თარიღი |
2021. |
| 300 ## - ფიზიკური აღწერა |
| Extent |
590 გვ. ; |
| Other physical details |
21 სმ. |
| 440 ## - სერიის ცნობა / დამატებულია ჩანაწერი - სათაური |
| Title |
ყდაზე: ჰანს თომა, მომთაბარე ნაკადული (1906). |
| 9 (RLIN) |
19504 |
| 500 ## - ზოგადი შენიშვნა |
| General note |
იბეჭდება ტიპოსკრიპტის უფლებით |
| 653 ## - INDEX TERM--UNCONTROLLED |
| Uncontrolled term |
გერმანული პროზა, თარგმანები ქართულ ენაზე. გერმანული პოეზია -- თარგმანები ქართულ ენაზე. |
| 773 ## - HOST ITEM ENTRY |
| Title |
ნაჩუქარი |
| 942 ## - ADDED ENTRY ELEMENTS (KOHA) |
| Source of classification or shelving scheme |
|
| Koha item type |
წიგნი |